| 000 | 01516nam a2200325Ia 4500 | ||
|---|---|---|---|
| 005 | 20140410171921.0 | ||
| 008 | 130821s1992 xx a gs spa | ||
| 040 |
_aCo-BoUCM _bspa |
||
| 041 | 0 | 0 | _aspa |
| 092 | _aDVD 0198 | ||
| 245 | 1 | 3 |
_aEl guardaespaldas _c[DVD] |
| 260 |
_a[Lugar desconocido] _bWarner Bros Pictures _c1992 |
||
| 300 |
_a1 DVD _bson., color |
||
| 500 | _aSINOPSIS : Un guardaespaldas es contratado por una cantante famosa, para protegerla de las insistentes cartas anónimas con amenazas de muerte. Este empleará todos los recursos y medios materiales para protegerla en desacuerdo con la cantante. | ||
| 508 | _aCREDITOS : Director, Mick Jackson; Guionista, Lawrence Kasdan; Montador, Andrew Dunn; Música, Alan Silvestri, David Foster, Jud Friedman. | ||
| 511 | _aKevin Costner, Whitney Houston, Gary Kemp, Bill Cobbs, Richard Schiff, Ralph Waite. | ||
| 546 | _aAudio en Inglés y Portugués. Subtítulos en Español, Inglés y Portugués. | ||
| 650 | 0 | 4 |
_aAmor en el cine _vDVD _98920 |
| 650 | 0 | 4 |
_aCantantes en el cine _vDVD _910422 |
| 650 | 0 | 4 |
_aEntretenimiento _926487 |
| 650 | 0 | 4 |
_aGuardaespaldas en el cine _vDVD _916571 |
| 650 | 0 | 4 |
_aPelículas cinematográficas _zEstados Unidos _vDVD _97903 |
| 700 |
_aJackson, Mike _edir. |
||
| 710 | _aKasdan Pictures | ||
| 710 | _aTIG | ||
| 710 | _aWarner Bros. Pictures | ||
| 765 | 4 | _aThe bodyguard | |
| 856 | 0 | 4 |
_uhttp://www.youtube.com/watch?v=cudobUpKnFQ _zSiga este vínculo para ver el trailer. |
| 942 |
_cMULTIMEDIA _2LOCAL _a11 _e1 |
||
| 999 |
_c51989 _d51989 |
||